[Event "EU-Cup 20th"]
[Site "Izmir"]
[Date "2004.10.07"]
[Round "5.4"]
[White "Bologan, Viktor"]
[Black "Roiz, Michael"]
[Result "1-0"]
[WhiteElo "2669"]
[BlackElo "2560"]
[Annotator "Roiz,M"]
[PlyCount "107"]
[EventDate "2004.10.03"]
[EventType "team-swiss"]
[EventRounds "7"]
[EventCountry "TUR"]
[SourceTitle "CBM 104"]
[Source "ChessBase"]
[SourceDate "2005.01.27"]
[SourceVersion "1"]
[SourceVersionDate "2005.01.27"]
[SourceQuality "1"]
[WhiteTeam "Sarajevo Bosna"]
[BlackTeam "Beer Sheva"]
[WhiteTeamCountry "BIH"]
[BlackTeamCountry "ISR"]

1. d4 {That was a surprise for me,as Viktor's favourite weapon is 1.e4.} Nf6 2.
c4 e6 3. Nf3 d5 4. Nc3 c5 {I have decided to go for a less popular opening.
It's funny enough, that such a rare variation was played twice in our match,
as my friend Vitali Golod used it against Kozul.} 5. cxd5 Nxd5 6. e4 (6. e3
cxd4 7. exd4 Bb4 {-->transforms to B14.}) 6... Nxc3 7. bxc3 cxd4 8. cxd4 Bb4+ {
The main continuation. White has some space advantage, so the exchanges are
usually in black's favoure.} ({The alternative is:} 8... Nc6 9. Bc4 b5 10. Be2
a6 11. O-O Be7 12. Bb2 (12. a4 b4 13. d5 Na5 14. Bf4 exd5 15. exd5 O-O 16. d6
Bf6 $132 {0-1 Van Wely,L-Ivanchuk,V/Monte Carlo 1998/CBM 63 ext (62)}) 12...
O-O (12... Bf6 13. Qd2 O-O 14. Rfd1 Bb7 15. d5 (15. a4 Na5 (15... b4 16. d5
exd5 17. exd5 Bxb2 18. Qxb2 Ne7 19. Qxb4 Bxd5 20. Rab1 $14) 16. Qe3 b4 17. Ne5
Rc8 18. Rd2 Bg5 (18... Bxe5 19. dxe5 Qh4 20. Rd4 $132) 19. f4 Be7 $132 {
1-0 Dlugy-Costa/Brocco op/SW,39,15 1987 (37)}) 15... Bxb2 16. Qxb2 exd5 17. a4
(17. exd5 Ne7 18. d6 Nd5 $1 $15) 17... Qb6 18. exd5 Ne7 19. Ne5 $2 {1/2-1/2
Bagirov,V-Shamkovich,L/URS-ch40 Baku 1972/URS-ch} (19. d6 Nd5 20. axb5 Rfd8 (
20... axb5 21. Rxa8 Rxa8 22. Qe5 $16) 21. Bc4 Rxd6 22. Qb3 $16) 19... Bxd5 20.
axb5 axb5 21. Qxb5 Qe6 22. Rxa8 Rxa8 23. Ng4 $11) 13. a4 (13. d5 Na5 14. Qd2
exd5 15. exd5 Re8 16. Rfe1 Bg4 17. Bc3 Bxf3 18. Bxf3 (18. Bxa5 Bg5 19. Qb4 (19.
Qc3 Bf6 $1 $11) 19... Be7 $1 $11) 18... Nc4 19. Qd3 Bd6 $11 {1/2-1/2 Mecking,
H-Campora,D/Sao Paulo zt 1993/CBM 36 (28)}) 13... b4 14. Qd2 (14. d5 exd5 15.
exd5 Na5 16. Qd4 Bf6 17. Qxb4 Bxb2 18. Qxb2 Qxd5 19. Rad1 Qb3 20. Qe5 Nc6 21.
Qe4 Qe6 22. Bd3 f5 23. Qc4 Kh8 (23... Qxc4 24. Bxc4+ Kh8 25. Rd6 (25. Bd5 Bd7
26. Ne5 $1 (26. Ng5 h6 27. Ne6 Bxe6 28. Bxe6 $14) 26... Nxe5 27. Bxa8 Rxa8 28.
Rd5 Re8 29. f4 $16) 25... Na5 26. Bd3 $14) 24. Rfe1 $14) 14... Bb7 15. d5 exd5
16. exd5 Na5 17. Rad1 Bd6 18. Qd4 f6 19. Bd3 g6 20. Rfe1 (20. Qg4 Qc8 21. Qh4
$14) 20... Nb3 (20... Qd7 $14) 21. Qh4 $14 {Brenninkmeijer,J-Costa,J/Lugano op
1989/TD 89\01/1/2-1/2 (67)}) 9. Bd2 Bxd2+ 10. Qxd2 O-O 11. Bc4 ({The
alternatives are:} 11. Rd1) (11. Be2) ({and} 11. Rc1) 11... Nc6 ({Another way
of development promises white a somewhat better chances:} 11... Nd7 12. O-O b6
13. Rad1 Bb7 14. d5 (14. Rfe1 Rc8 15. Bb3 Qf6 16. h3 h6 17. Qe3 Qe7 18. Nh2 $14
{1-0 Lautier,J-Kveinys,A/Plovdiv 2003/CBM 98 no vc (39)}) 14... Nc5 15. Rfe1
exd5 16. exd5 Qd6 17. Nd4 Qf6 18. Re3 $36 {1-0 Timman,J-Langeweg,K/Leeuwarden
1979/MCD (21)}) 12. O-O b6 (12... Qd6 13. Rad1 Bd7 (13... Rd8 14. Rfe1 Bd7 15.
d5 exd5 16. exd5 Ne7 17. Ng5 $36 {1-0 Browne,W-Olafsson,H/Reykjavik 1980/EXT
99 (24)}) 14. Rfe1 Rad8 15. d5 exd5 16. exd5 Ne7 17. Qe3 Nf5 18. Qb3 Qb6 19.
Qxb6 axb6 20. Bb3 $14 {1/2-1/2 Pinter,J-Groszpeter,A/Graz AUT 2004 (64)}) 13.
Rfd1 ({No doubt,the most promising continuation is:} 13. Rad1 Na5 14. Bd3 Bb7
15. d5 (15. Rfe1 Qe7 (15... h6 16. Qf4 Qf6 17. Qg3 Qe7 18. d5 Rad8 19. Bb1 Nc4
20. Nd4 Qc5 21. Nb3 Qc8 $11 {1/2-1/2 Gyimesi,Z-Pinter,J/Graz AUT 2004 (24)})
16. d5 exd5 17. e5 Nc4 18. Qf4 Nb2 19. Rd2 Nxd3 20. Rxd3 Rac8 21. Nd4 $44 {
0-1 Doettling,F-Jussupow,A/Evry FRA 2004/The Week in Chess 492 (74)}) 15... Qe7
16. Rfe1 (16. Qf4 Rad8 17. Rfe1 h6 18. Re3 exd5 19. exd5 Qd6 20. Ne5 Bxd5 21.
Qf5 g6 22. Rg3 Qe6 23. Qf4 Bc4 24. Nxc4 Nxc4 25. Qxh6 Qf6 $14 {1/2-1/2
Krasenkow,M-Cyborowski,L/Warsaw POL 2004/The Week in Chess 496 (44)}) 16...
Rad8 17. Nd4 g6 18. Qh6 $36 {-->1-0 Lautier,J-Kasimdzhanov,R/Wijk aan Zee 2002/
CBM 87/[Lautier] (44)}) 13... Na5 ({I have declined} 13... Bb7 {because of:}
14. d5 Na5 15. dxe6 Nxc4 16. exf7+ Kh8 17. Qxd8 Rfxd8 18. Rxd8+ Rxd8 19. e5 Rc8
(19... Bc8 20. Re1) 20. e6 Bd5 21. Ng5 $36) 14. Bd3 Bb7 15. Qf4 {'N!?' That is
also a standard move for that variation. The queen controls an important
squares and may take part in attack on black's monarch.} (15. Qe3 Rc8 16. Rac1
Qe7 17. Rxc8 Rxc8 18. Rc1 Rxc1+ 19. Qxc1 {1/2-1/2 Zaitsev,A-Polugaevsky,L/
Alma-Ata 1968/URS-ch (19)}) 15... Qf6 {'?!' That leads to a pleasant endgame
for white.} (15... f6 $6 16. Qg4 Qe7 17. d5 e5 18. d6 Qf7 19. Nh4 Rad8 20. Nf5
Kh8 21. f4 $36 {1-0 Krivoshey,S-Szabo,B/Balatonlelle HUN 2004/The Week in
Chess 509 (30)}) ({Better was to keep the pressure:} 15... Qe7 $5 $132 {
[%cal Gf8d8,Ga8c8] with a comfortable position.}) 16. Qxf6 (16. Qg3 $143 Rfd8
17. e5 Qe7 $132) 16... gxf6 17. Rac1 Rac8 18. Kf1 {'+/=' White has a small,
but stable advantage due to his strong pawns centre and weakness of black's
kside pawn structure.} Rxc1 {The exchange of all the rooks is practically
unavoidable,as black cannot improve his position.} 19. Rxc1 Rc8 20. Rxc8+ Bxc8
21. Ke2 Kf8 {Provoking white's next move.} (21... Bb7 22. Ke3 h6 23. Nd2 Kf8
24. f4 $14) 22. e5 {'?!' That natural move connected with some blunder, which
allows black to seize the advantage.} ({Better was the quiet:} 22. Ke3 Ke7 23.
h4 h6 24. Nh2 $14 {[%cal Gh2g4,Gf2f4]}) 22... f5 23. d5 (23. Ng5 h6 24. Nh3 Nc6
25. Ke3 Nb4 $11) 23... Bb7 {'!' That move was overlooked by Viktor. Now white
cannot keep his strong Pe5 without a loss of another pawn. At the same time,
the Pd6 is not that dangerous as the king can stop it.} (23... exd5 $6 24. Nd4
Nc4 25. f4 $36 {[%csl Rf7,Rh7]}) 24. d6 ({After} 24. dxe6 fxe6 25. Ng5 Bd5 26.
Nxh7+ Kg7 27. Nf6 Bxa2 $132 {black's qside pawns are very dangerous.}) 24...
Bd5 25. Ng5 {That was played after a deep thinking. White is trying to win
some time for consolidating his pawn structure by f2-f4.} (25. a4 Nc6 26. Bb5
Bxf3+ 27. gxf3 (27. Kxf3 Nxe5+ 28. Kf4 f6 $17 {[%cal Ge5f7]}) 27... Nxe5 28. f4
Ng6 29. Ke3 f6 {[%cal Gg6h8,Gh8f7] and black is completely out of danger.}) ({
Deserved attention:} 25. Bb5 $5 Bxa2 26. Ng5 h6 (26... Kg7 $5) 27. Nh7+ Kg7 28.
Nf6 $44 {and activity of white's pieces compensates the loss of pawn.}) 25...
Kg7 26. a3 h6 ({Worse looks:} 26... Bxg2 $143 27. f4 Bd5 28. Ke3 $44) 27. Nf3 {
'?'} ({Beeter was:} 27. Nh3 f6 28. Nf4 $1 fxe5 29. Nxd5 exd5 30. Bxf5 Kf6 31.
d7 Ke7 {[%cal Ga5c4] with an equal endgame. For example:} 32. f4 (32. Be6 d4
$132 {[%cal Ga5b7]}) 32... exf4 (32... Nc4 $5) 33. Kf3 b5 34. Kxf4 Nc6 35. g4
a5 36. h4 b4 37. axb4 axb4 38. g5 hxg5+ 39. hxg5 b3 40. g6 b2 41. Ke3 (41. Kg5
Nd8 42. g7 b1=Q 43. Bxb1 Ne6+ $11) 41... Kf6 42. Bc2 Ke6 $11) 27... f6 28.
exf6+ (28. d7 Nb7 29. Ke3 Kf7 $15) 28... Kxf6 29. Nd4 e5 {'(+)??' A terrible
blunder!} ({After the natural} 29... Nb7 $142 {white couldn't avoid a loss of
the pawn:} 30. Nb5 a6 31. Nc7 Bxg2 32. d7 Ke7 33. Nxa6 Kxd7 $17 {and black has
an excellent winning chances.}) 30. d7 Ke7 ({I have completely overlooked} 
30... Nb7 31. Nxf5 e4 32. Ba6 $18) 31. Nxf5+ Kxd7 32. g4 {Now black is in
troubles, as white's pawns can be advanced very quickly!} (32. Nxh6 Bxg2 $11)
32... Nc4 33. a4 ({Good enough was also:} 33. Bxc4 $5 Bxc4+ 34. Ke3 b5 35. Nxh6
a5 36. Nf5 {with a great winning chances.}) 33... e4 {The best practical
chance.} (33... Nb2 34. Nxh6 Nxa4 35. Bb5+ Bc6 36. Bxc6+ Kxc6 37. g5 Nc5 38. g6
Ne6 39. Ke3 a5 40. Nf5 a4 41. Kd2 $18) 34. Bxc4 {'?' A dubious decision-the
bishop is much stronger than the knight in that type of positions.} ({After
the simple} 34. Bc2 {[%csl Rh6]} Na3 35. Bd1 $18 {white's position should be
winning.}) 34... Bxc4+ 35. Ke3 a5 {'!' Now the Pa4 is an easy target for Bc4,
so black gets a real counterplay!} 36. Nxh6 Bb3 (36... b5 37. axb5 a4 38. Kd4
a3 39. Kc3 $18) 37. h4 Bxa4 38. h5 ({After} 38. g5 Ke6 39. Kxe4 Bc2+ 40. Kd4 b5
41. f4 Bg6 $11 {black holds the position.}) 38... Bd1 {'!' Taking control on
white's pawns.} 39. Nf7 Ke6 {'!'} ({Only not} 39... Ke7 $2 40. Ne5 a4 41. h6
Kf8 42. g5 $18) 40. Ng5+ Ke7 ({Better was:} 40... Kf6 $142 41. Nxe4+ Kg7 42. f3
a4 43. Nc3 a3 $11 {and black is out of danger!}) 41. h6 Kf6 42. Nxe4+ Kg6 43.
g5 a4 44. f4 Bg4 45. Kd4 a3 46. Kc3 b5 47. Nc5 b4+ {'?' An unbelievable
mistake-black loses a critical tempo!} ({The draw was still possible after} 
47... Bf5 48. Kb3 (48. Na6 Kh5 49. Nb4 Kg4 50. Nd5 b4+ 51. Kb3 Bg6 $11) (48.
Nb3 Kh5 49. Nd4 b4+ 50. Kb3 Bg6 51. f5 Kxg5 52. fxg6 Kxh6 $11) 48... b4 49.
Kxb4 a2 50. Nb3 Kh5 51. Ka3 Kg4 52. Kxa2 Kxf4 53. Nd4 Bg6 $11) 48. Kxb4 a2 49.
Nb3 Bf5 50. Ka3 {'+-' Now the game is over-black has no time to take white's
pawns, as the knight will help them. A dramatic game!} Bb1 (50... Kh5 51. Kxa2
Kg4 52. Nd4 Bh7 53. Ne6 $18) 51. Kb2 Kh5 52. Nd4 Bh7 53. Ne6 Kg4 54. Nf8 $18
1-0

[Event "World op 45th"]
[Site "Philadelphia"]
[Date "2017.07.03"]
[Round "7"]
[White "Sadorra, Julio Catalino"]
[Black "Yang, Kaiqi"]
[Result "1-0"]
[WhiteElo "2585"]
[BlackElo "2415"]
[Annotator "Sadorra,J"]
[PlyCount "99"]
[EventDate "2017.06.29"]
[EventType "swiss"]
[EventRounds "9"]
[EventCountry "USA"]
[SourceTitle "CBM 179"]
[Source "ChessBase"]
[SourceDate "2017.07.12"]
[SourceVersion "1"]
[SourceVersionDate "2017.07.12"]
[SourceQuality "1"]

{This game occurred in the 7th round of the strong and gruelling World Open.
It was the 2nd game of the day so I didn't have much time to prepare so I
mainly browsed through my opponent's games and reviewed lines in he QID &
Bogo-Indian.} 1. d4 Nf6 2. c4 e6 3. Nf3 {I had a feeling my opponent had seen
my most recent Nimzo game where his Chinese compatriot easily and soundly
neutralised my attempts for an opening edge. Therefore, I invited him to go to
a Bogo-Indian or QID which I knew he didn't have much experience in.} d5 $5 {
Now does he want to go to the Ragozin or a standard QGD?} 4. Nc3 c5 {
Semi-Tarrasch!} 5. cxd5 Nxd5 6. e4 Nxc3 7. bxc3 cxd4 8. cxd4 Bb4+ 9. Bd2 Bxd2+
10. Qxd2 O-O 11. Bc4 Nd7 {This setup with the knight on d7 has become popular
at the elite level recently, and during the game I could only recall Carlsen's
impressive win over Kramnik in a GCT event.} ({The other main move} 11... Nc6 {
is seen less often in practice as it's simply easier to play with White} 12.
O-O b6 13. Rad1 Na5 {is a recent try} (13... Bb7 14. Rfe1 Rc8 15. d5 exd5 16.
Bxd5 $14) 14. Bd3 Bb7 15. h4 $5 {for more details on this, see Sagar Shah's
instructive comments in Megabase.}) 12. O-O b6 13. a4 Bb7 14. Bd3 Nf6 {I
didn't know exactly what to do here but I simply remembered the ideas that I
studied when I was working on the Carlsen-Kramnik game. Therefore, I played:} (
{The Carlsen vs. Kramnik game went} 14... e5 15. Qe3 $1 {You can see my
annotations in CBM 173.}) 15. Qe3 $5 {I am tempted to label this a novelty but
it is not as I borrowed it from the World Champion. The idea is to protect my
central pawn like Magnus and give my rooks freedom to pressure Black on the
queenside.} ({The most normal move of course is} 15. Rfe1 {and to my surprise
after the game, this is the only move played in this position and all 3 games
were played this year!}) 15... Rc8 {Black wants to use c3 as an outpost which
has to be stopped.} 16. Ra3 $1 $146 {I'm happy to have found this move and
development of my rooks during the game as it allowed me to avoid
simplification and fight for the initiative.} ({The normal move} 16. Rfc1 {
gives Black an easy game after} Rxc1+ 17. Rxc1 Qa8 $1 18. Nd2 Rc8 {and only
Black's chances will be better the more pieces gets traded due to his outside
passed pawn.}) 16... Qe7 17. Rfa1 {[%cal Ga4a5,Ge4e5,Rd3h7,Rf3g5,Re3e4,Ra3h3,
Rh3h7] My next plan involves pushing down the a-pawn and finding ways to
attack the enemy king!} Qb4 $1 {Black plays actively and keeps up the fight
for the initiative. He wants to place his rook on c3 again.} ({If} 17... Rfd8 {
I will simply exert pressure on his queenside} 18. a5 b5 19. a6 Bc6 20. Rb3 $36
) 18. h3 {A necessary prophylactic move before taking any action.} ({The
tempting move} 18. e5 $2 {is premature and too risky due to} Ng4 $1 (18... Nd5
$2 19. Bxh7+ Kxh7 20. Ng5+ Kg8 21. Qe4 Rfd8 22. Qh7+ Kf8 23. Rf3 $18) 19. Qf4
Bxf3 20. gxf3 (20. Qxf3 Qxd4 $17) 20... Nh6 21. Qe4 Nf5 {Black's king is safe
from my attack while my position is positionally worse.} ({The engine points
out the cool} 21... Rfd8 $1 22. Qxh7+ Kf8 {after which White's position is
slowly crumbling.}) 22. d5 Qd2 $5 (22... Qxe4 23. fxe4 Nh4)) 18... a5 $2 {
Stopping my queenside play once and for all, but I think he underestimated my
attacking chances on the other side of the board...} (18... Rc3 19. Rxc3 Qxc3
20. Rc1 Qb4 21. Rc7 $36) ({A more solid move is} 18... Rfd8 {where Black is
almost equal.}) 19. e5 Nd5 {He still doesn't sense the danger. Regardless, it
is all my responsibility to work out the lines now.} (19... Nd7 20. Ng5 h6 21.
Ne4 $14) 20. Bxh7+ $1 Kxh7 ({I also checked the non-forcing} 20... Kh8 {
after which I didn't see any compensation for Black} 21. Qg5 Qe7 22. Be4 $16 (
22. Qh5 $2 Nf4)) 21. Ng5+ {After this, he sank into a long period of thought.}
Kg8 (21... Kg6 22. Qe4+ f5 23. exf6+ Kxf6 24. Qxe6+ Kxg5 25. Rg3+ Kh5 26. Qg6+)
(21... Kh6 22. Qe4 Rc3 23. Qh7+ Kxg5 24. Qxg7+ Kf5 (24... Kh5 25. g4+ Kh4 26.
Qh6#) 25. Qg4#) 22. Qe4 Nf6 (22... Rfe8 23. Qh7+ Kf8 24. Rf3 {maybe this is
the move that he missed?!?} Rc7 25. Qh8+ Ke7 26. Rxf7+ Kd8 27. Nxe6+ Kc8 28.
Qxe8#) 23. Qh4 Rc1+ 24. Rxc1 {Simple and best.} (24. Kh2 Be4 $1 25. exf6 Bg6 {
and Black can still resist a bit.}) 24... Qxa3 25. Rc7 Qd3 26. exf6 ({I also
checked the pawn-up ending after} 26. Rxb7 Nd5 27. Qg4 (27. Ne4 Nc3 $1 $132 28.
Nd6 $4 Ne2+ 29. Kh2 Qd1 $19) 27... Qf5 (27... Qg6 28. h4 $1) 28. Qxf5 exf5 {
but wasn't sure how big an advantage I have here, compared to winning the
queen in the game.} {The engine says that it's quite huge as well if I realise
that Black is actually in zugzwang!} 29. Kf1 g6 (29... f6 30. Ne6 Rf7 31. Rb8+
Kh7 32. Rd8 Nc3 33. Nf8+ Kh6 34. e6 Re7 35. d5 $18) (29... Nc3 30. Rxb6 Nxa4
31. Ra6 $18) 30. g3 f6 31. Ne6 Rf7 32. Rb8+ Kh7 33. Nf4 $18) 26... Bd5 27. Rc3
$6 {also leads to a winning advantage, but it's a pity that I missed a more
forcing win here.} (27. Nxf7 $1 Rxf7 28. Rc8+ Rf8 29. Rxf8+ {I can't quite
recall but it's either I didn't check this simple capture or missed the mating
idea that follows. Such oversights are usually caused by fatigue.} (29. f7+
Kxf7 30. Qf4+ (30. Qh5+ Ke7) 30... Qf5 $19) (29. fxg7 Rxc8 30. Qh8+ Kf7 $19)
29... Kxf8 30. Qh8+ Kf7 31. Qxg7+ Ke8 32. Qe7#) 27... Qb1+ 28. Kh2 gxf6 29. Rg3
$18 fxg5 30. Qxg5+ Qg6 31. Qf6 Qxg3+ 32. Kxg3 {My king joins a future attack
against the enemy king!} b5 {Desperation. Otherwise I simply march my king to
h6 or push down the h-pawn.} 33. axb5 a4 34. Qe7 {Stopping Black's only
counterplay.} Rc8 35. b6 Rc3+ 36. Kf4 Rb3 {There are many ways to win here,
but I chose the path that had the least amount of risk.} 37. Qe8+ Kg7 38. Qxa4
Rxb6 39. f3 Rb2 40. Kg3 Ra2 41. Qb4 Kg6 42. h4 Kg7 43. Qe7 Ra8 44. Kf4 Rh8 45.
Qg5+ Kh7 46. Qf6 Kg8 47. g4 Rh7 48. h5 Rg7 49. g5 Rh7 50. Qd8+ {And Black
finally resigned.} 1-0